000 00952nam a2200229Ia 4500
999 _c37656
_d37656
001 3628
003 GE_BSU
005 20190603155647.0
008 181216s1961||||ge |||||||||||||| ||geo||
040 _cGE_BSU
041 _ageo
080 _a514.18(076.1) გ–94
100 _aგულისაშვილი,თ.
_91998
245 _aმხაზველობითი გეომეტრიის ამოცანათა კრებული /
_cთ. გულისაშვილი ; რედ : ა.გულისაშვილი.
264 _aთბილისი :
_bსპი,
_c1961.
300 _a196 გვ .:
_bნახაზ,
_c20 სმ.
653 _aგეომეტრია
653 _aმათემატიკა
653 _aმხაზველობითი გეომეტრია
700 _aგულისაშვილი, ა
_eრედაქტორი
_91618
942 _cBK
_2udc